000 00808nam a2200301Ia 4500
001 8136
005 20240113234052.0
007 ta
008 170602s2001 ii a g b000 u 465 u
020 _cRs. 90.00
040 _aCotton College,Assam
041 _aeng
082 _a910.01
_bAd 41 Fu
100 _aAdhikari, Sudeepta .
245 0 _aFundamentals of Geographical Thought /
_cSudeepta Adhikari.
_hTextual Documents
250 _a3rd ed. /
260 _aAllahabad :
_bChaitanya Publishing House ,
_c2001.
300 _aviii, 328p. :
_bill ;
_c23cm .
365 _aRs. 90.00
504 _aReferences
653 _aGeography
653 _aPG-Geography
653 _aG-Geography
942 _2ddc
_cBK
999 _c8123
_d8123